000 00756nam a2200241 a 4500
001 31668
003 BD-RjUL
005 20211209051731.0
008 140421s1988 ii b b 001 0 eng
035 _a(BD-RjUL)31756
040 _aDLC
_cDLC
_dBD-RjUL
_beng
041 _aeng
082 0 0 _a266.25414
_220
_bKOH 1988
100 1 _aKottuppallil, George
_d1947-
_996363
245 1 0 _aHistory of the Catholic missions in central Bengal 1855-1886 /
_cGeorge Kottuppallil.
260 _aShillong :
_bVendrame Institute,
_cc1988.
300 _axxiii, 339 p. :
_bill., maps ;
_c22 cm.
504 _aInclude bibliography and index.
610 2 0 _aCatholic Church
_zIndia
_zBengal
_996386
942 _2ddc
_cBK
999 _c31668
_d31668